Les Nouvelles littéraires, artistiques et scientifiques (Record no. 1556)

MARC details
000 -LEADER
campo de control de longitud fija 01359nas a2200253 i 4500
001 - NÚMERO DE CONTROL
campo de control 1556
003 - IDENTIFICADOR DE NÚMERO DE CONTROL
campo de control ES-MaACL
005 - FECHA Y HORA DE LA ÚLTIMA TRANSACCIÓN
campo de control 20250724062545.0
008 - DATOS DE LONGITUD FIJA--INFORMACIÓN GENERAL
campo de control de longitud fija 950801c1922 fr w| | 1 ||re d
245 04 - MENCIÓN DEL TÍTULO
Título Les Nouvelles littéraires, artistiques et scientifiques
Resto del título : hebdomadaire d'information, de critique et de bibliographie.
260 ## - PUBLICACIÓN, DISTRIBUCIÓN, ETC.
Lugar de publicación, distribución, etc. Paris :
Nombre del editor, distribuidor, etc. Larousse,
Fecha de publicación, distribución, etc. 1922-
300 ## - DESCRIPCIÓN FÍSICA
Extensión 57 v. :
Otras características físicas grab ;
Dimensiones 61 cm.
310 ## - PERIODICIDAD ACTUAL
Periodicidad actual Semanal
362 0# - FECHAS DE PUBLICACIÓN Y/O DESIGNACIÓN SECUENCIAL
Fecha de publicación y/o designación secuencial N°1( 21 de oct.1922) - n°1634(dic.1958) ; 1959-1982 ; 1983-1984.
500 ## - NOTA GENERAL
Nota general No se publicó entre el 8 junio 1940 y el 5 de abril de 1945.
500 ## - NOTA GENERAL
Nota general A partir de 1959 cambia el nombre a :Les Nouvelles littéraires.
500 ## - NOTA GENERAL
Nota general A partir de 1983 cambia el nombre a: Les Nouvelles littéraires, des arts, des sciences et de la société.
650 #7 - PUNTO DE ACCESO ADICIONAL DE MATERIA--TÉRMINO DE MATERIA
Término de materia o nombre geográfico como elemento de entrada Cultura
Fuente del encabezamiento o término embne
9 (RLIN) 170963
852 ## - LOCALIZACIÓN
Ubicación ES-MaACL
Número de control de estantería HEM-GF-28
Encuadernación Olim: Hem-1535
866 #1 - MENCIÓN TEXTUAL DE FONDOS--UNIDAD BIBLIOGRÁFICA BÁSICA
Fondos BA
-- HEM-GF-28
866 ## - MENCIÓN TEXTUAL DE FONDOS--UNIDAD BIBLIOGRÁFICA BÁSICA
Fondos BA
-- HEM-GF-28
866 ## - MENCIÓN TEXTUAL DE FONDOS--UNIDAD BIBLIOGRÁFICA BÁSICA
--
Fondos 1
-- 1934-35,(1948f.n.1096)(1949f.n.1134y1136y1138y1144y1158-1159y1162y1164-1165)1950-55(1956f.n.1480y1500-1502)(1957-58)1959-64(1965f.n.1966y2000)1966-68(1969f.n.2197)(1970f.n.2253)(1971)(1972f.n.2329y2339y2345)(1973f.n.2386y2397y2412)1974-75(1976f.n .25 2 5y2527y2537)1977(1978f.n.2654)1979(1980f.n.2719y2734-2735y2742y2751)1981-83.
Holdings
Estatus retirado Estado de pérdida Estado de daño No para préstamo Colección Biblioteca de origen Biblioteca actual Ubicación en estantería Fecha de adquisición Fuente de adquisición Total de préstamos Signatura topográfica completa Código de barras Visto por última vez Precio de reemplazo Tipo de ítem Koha
        Periódicos y Revistas Biblioteca del Ateneo de Madrid Biblioteca del Ateneo de Madrid Depósito 1 17/01/2008     HEM-GF-28 1001589 23/02/2023 23/02/2023 Revista